Manažer a konflikty etik
Dokončenie z č. 3/2003. Manažér a konflikty hodnôt. Metódy riešenia konfliktov. Utopické či vnucovacie metódy riešenia konfliktov. Oblasti vzdelávania pracovníkov inštitúcie. Realistické metódy riešenia konfliktov etík.
Salvato in:
| Autore principale: | |
|---|---|
| Natura: | Capitolo di libro |
| Lingua: | ceco |
| Soggetti: | |
| Tags: |
Nessun Tag, puoi essere il primo ad aggiungerne!!
|
MARC
| LEADER | 00000naa$a2200000$$$4500 | ||
|---|---|---|---|
| 001 | 0002494 | ||
| 005 | 20231002121834.3 | ||
| 041 | 0 | |a cze | |
| 044 | |a SK | ||
| 245 | 1 | 0 | |a Manažer a konflikty etik |c aut. Max Fischel |
| 520 | |a Dokončenie z č. 3/2003. Manažér a konflikty hodnôt. Metódy riešenia konfliktov. Utopické či vnucovacie metódy riešenia konfliktov. Oblasti vzdelávania pracovníkov inštitúcie. Realistické metódy riešenia konfliktov etík. | ||
| 610 | 2 | 0 | |a manažéri |
| 610 | 2 | 0 | |a etika |
| 610 | 2 | 0 | |a morálka |
| 610 | 2 | 0 | |a konflikty |
| 610 | 2 | 0 | |a metódy |
| 610 | 2 | 0 | |a správanie |
| 610 | 2 | 0 | |a princípy mravné |
| 100 | 1 | |a Fischel, Max | |